MARC

LEADER 00000nam0a2200000 4500
001 97099
005 20231031110803.0
035 |a (RuTPU)RU\TPU\book\104075 
090 |a 97099 
100 |a 20060523d1965 m y0rusy50 ca 
101 0 |a rus 
102 |a RU 
105 |a a z 001zy 
200 1 |a Вращающиеся печи цементной промышленности  |f А. И. Боганов  |g под ред. П. В. Левченко, Е. А. Долганова 
210 |a Москва  |c Машиностроение  |d 1965 
215 |a 319 с.  |c черт. 
320 |a Библиогр.: с. 315-317. 
610 1 |a цементообжигательные печи 
610 1 |a вращающиеся печи 
610 1 |a цементная промышленность 
610 1 |a топливо 
610 1 |a конструкции 
610 1 |a опорные устройства 
610 1 |a холодильники 
610 1 |a автоматизация 
610 1 |a контроль 
675 |a 666.94.041  |v 3 
700 1 |a Боганов  |b А. И. 
702 1 |a Левченко  |b П. В.  |4 340 
702 1 |a Долганов  |b Е. А.  |4 340 
801 1 |a RU  |b 63413507  |c 20060523  |g PSBO 
801 2 |a RU  |b 63413507  |c 20070118  |g PSBO 
942 |c BK